[Event "San Francisco Chernev Memorial"]
[Site "San Francisco"]
[Date "2008.08.26"]
[Round "4"]
[White "Sandberg, Evan"]
[Black "Argishti, Dante"]
[Result "0-1"]
[WhiteElo "1954"]
[BlackElo "1996"]
[PlyCount "62"]
[EventDate "2008.08.05"]
[EventType "swiss"]
[EventRounds "8"]
[EventCountry "USA"]
[SourceTitle "CBM 126 Extra"]
[Source "ChessBase"]
[SourceDate "2008.11.05"]
[SourceVersion "1"]
[SourceVersionDate "2008.11.05"]
[SourceQuality "1"]

1. e4 e6 2. d4 d5 3. Nc3 Bb4 4. e5 c5 5. a3 Bxc3+ 6. bxc3 Qc7 7. Qg4 f5 8. Qg3 Nc6 9. Ne2 Qf7 10. f4 b6 11. Be3 cxd4 12. cxd4 Ba6 13. Nc3 Bxf1 14. Rxf1 Nh6 15. Nb5 0-0 16. Bd2 Qd7 17. Qd3 Nf7 18. g4 a6 19. gxf5 axb5 20. fxe6 Qxe6 21. f5 Qe8 22. 0-0-0 Ra4 23. f6 g6 24. Rf4 Qe6 25. Rg1 Rfa8 26. Rh4 Rxa3 27. Rxg6+ Kf8 28. Rg8+ Kxg8 29. Qxh7+ Kf8 30. Bh6+ Ke8 31. Qg7 Kd7 0-1

[Event "San Francisco TNM Summer op"]
[Site "San Francisco"]
[Date "2006.06.06"]
[Round "1"]
[White "Sandberg, Evan"]
[Black "Kleiman, Charles"]
[Result "1/2-1/2"]
[WhiteElo "1506"]
[BlackElo "1901"]
[PlyCount "118"]
[EventDate "2006.06.06"]
[EventType "swiss"]
[EventRounds "8"]
[EventCountry "USA"]
[SourceTitle "EXT 2007"]
[Source "ChessBase"]
[SourceDate "2006.11.23"]
[SourceVersion "1"]
[SourceVersionDate "2006.11.23"]
[SourceQuality "1"]

1. e4 d5 2. exd5 Qxd5 3. Nc3 Qa5 4. d4 Nf6 5. Nf3 Bg4 6. h3 Bh5 7. Be2 e6 8. 0-0 Nbd7 9. Bd2 c6 10. Ne4 Qb6 11. Nxf6+ Nxf6 12. Bc3 Bd6 13. Nd2 Bxe2 14. Qxe2 Bb8 15. Ne4 Nd5 16. Rab1 Qc7 17. g3 h5 18. h4 Nxc3 19. Nxc3 g5 20. hxg5 h4 21. Qe5 Qxe5 22. dxe5 Bxe5 23. f4 Bd4+ 24. Kh1 hxg3+ 25. Kg2 Rh2+ 26. Kxg3 Rxc2 27. Rfc1 Rd2 28. Rd1 Bxc3 29. bxc3 0-0-0 30. Rxd2 Rxd2 31. Kg4 Rxa2 32. Rd1 Rc2 33. Rd3 a5 34. Rg3 a4 35. f5 exf5+ 36. Kxf5 a3 37. c4 Rf2+ 38. Ke5 a2 39. Ra3 Kc7 40. c5 b6 41. Ra7+ Kb8 42. cxb6 c5 43. Kd5 Rf5+ 44. Kc6 Rxg5 45. Rxa2 c4 46. Rc2 Rg4 47. Kc5 Kb7 48. Rxc4 Rxc4+ 49. Kxc4 Kxb6 50. Kd5 Kc7 51. Ke5 Kd7 52. Kf6 Ke8 53. Kf5 Ke7 54. Ke5 f6+ 55. Kf5 Kf7 56. Kf4 Kg6 57. Kg4 f5+ 58. Kf4 Kf6 59. Kf3 Kg5 1/2-1/2

[Event "Imre Konig Memorial g/45"]
[Site "San Francisco"]
[Date "2006.04.15"]
[Round "3"]
[White "Starr, Albert Martin"]
[Black "Sandberg, Evan"]
[Result "1-0"]
[WhiteElo "1524"]
[BlackElo "1378"]
[PlyCount "90"]
[EventDate "2006.04.15"]
[EventType "swiss (rapid)"]
[EventRounds "5"]
[EventCountry "USA"]
[SourceTitle "EXT 2007"]
[Source "ChessBase"]
[SourceDate "2006.11.23"]
[SourceVersion "1"]
[SourceVersionDate "2006.11.23"]
[SourceQuality "1"]

1. b4 e6 2. Bb2 Nf6 3. b5 d5 4. e3 c6 5. c4 Bd7 6. a4 Bb4 7. Nf3 0-0 8. Be2 cxb5 9. cxb5 Bd6 10. 0-0 a6 11. Qb3 axb5 12. axb5 Rxa1 13. Bxa1 Re8 14. d3 e5 15. Nbd2 e4 16. dxe4 dxe4 17. Ng5 Be6 18. Nxe6 Rxe6 19. Bc4 Re7 20. Bxf6 gxf6 21. Bd5 f5 22. Ra1 Nd7 23. Nc4 Nc5 24. Qa2 Bxh2+ 25. Kxh2 Qxd5 26. Nb6 Qd6+ 27. g3 Qxb6 28. Qd5 Nd3 29. Ra8+ Kg7 30. Qxf5 Qg6 31. Qc8 Kf6 32. Kg1 Ne5 33. Rb8 Qh6 34. Qh8+ Qg7 35. Qd8 Ke6 36. Qc8+ Kf6 37. Rxb7 Rxb7 38. Qxb7 Qh6 39. Qxe4 Qh3 40. Qf4+ Qf5 41. Kg2 Qxf4 42. exf4 Nd7 43. g4 Kg6 44. Kf3 f5 45. g5 h6 1-0